<?xml version="1.0" encoding="UTF-8"?>
<collection xmlns="http://www.loc.gov/MARC21/slim">
    <record>
        <controlfield tag="001">47106</controlfield>
        <controlfield tag="005">20170831220554.0</controlfield>
        <datafield tag="037" ind1=" " ind2=" ">
            <subfield code="a">TAZ-TFM-2015-573</subfield>
        </datafield>
        <datafield tag="041" ind1=" " ind2=" ">
            <subfield code="a">spa</subfield>
        </datafield>
        <datafield tag="100" ind1="1" ind2=" ">
            <subfield code="a">Posadas de Miguel, Mar</subfield>
        </datafield>
        <datafield tag="245" ind1="0" ind2="0">
            <subfield code="a">Prevalencia de sobrecarga en cuidadores principales e informales de personas con demencia y estudio de factores relacionados</subfield>
        </datafield>
        <datafield tag="260" ind1=" " ind2=" ">
            <subfield code="a">Zaragoza</subfield>
            <subfield code="b">Universidad de Zaragoza</subfield>
            <subfield code="c">2015</subfield>
        </datafield>
        <datafield tag="506" ind1=" " ind2=" ">
            <subfield code="a">by-nc-sa</subfield>
            <subfield code="b">Creative Commons</subfield>
            <subfield code="c">3.0</subfield>
            <subfield code="u">http://creativecommons.org/licenses/by-nc-sa/3.0/</subfield>
        </datafield>
        <datafield tag="520" ind1=" " ind2=" ">
            <subfield code="a">Objetivo: determinar la prevalencia de la sobrecarga percibida por los cuidadores principales e informales (CPI) de personas con demencia, y su relación con variables del cuidador y variables clínicas de la enfermedad. Material y Métodos: Estudio transversal, multicéntrico, llevado a cabo en siete centros asistenciales nacionales. Fueron entrevistados 125 pacientes de población general geriátrica y pregeriátrica, no institucionalizados, de nacionalidad española, con diagnóstico de demencia (neurodegenerativa, vascular o mixta) y sus 125 cuidadores informales. Se recogieron datos sociodemográficos de ambos (género, edad, nivel educativo, parentesco). Posteriormente se les aplicaron distintos instrumentos psicométricos. A los pacientes para evaluar la pérdida cognoscitiva, el Examen Cognoscitivo de 30 ítems (ECMM-30). A los cuidadores: para evaluar la sobrecarga percibida, la Escala de sobrecarga del cuidador de Zarit reducida (ZARIT-7); para clasificar la gravedad de la demencia, la Escala de Clasificación Clínica de la Demencia (CDR); para valorar la autonomía para realizar diez actividades básicas de la vida diaria, el Índice de Barthel modificado (BARTHEL-MD) y para valorar la autonomía para realizar una serie de actividades complejas de la vida diaria, el Cuestionario de actividad funcional de Pfeffer (PFEFFER-11).  Resultados: En una población de 125 CPI de personas con demencia el 64,8% experimentaron una sobrecarga intensa al cuidar de sus familiares/conocidos enfermos. Se halló correlación entre PFEFFER-11 y ZARIT-7 (p = 0,001), luego mayores niveles de sobrecarga del cuidador se correlacionaron significativamente con mayor dependencia en las actividades complejas de la vida diaria. Mientras que entre ZARIT-7 y ECMM-30, BARTHEL-MD y CDR respectivamente no se alcanzó significación estadística. Conclusiones: 2 de cada 3 CPI de personas con demencia presentan sobrecarga intensa al tener que cuidar de sus familiares/conocidos, ésta es significativamente mayor en los cuidadores familiares frente a los que no lo son, entre los de menor edad y también aumenta cuando los pacientes presentan mayor nivel de dependencia de actividades complejas o instrumentales de la vida diaria.</subfield>
        </datafield>
        <datafield tag="521" ind1=" " ind2=" ">
            <subfield code="a">Máster Universitario en Iniciación a la Investigación en Medicina</subfield>
        </datafield>
        <datafield tag="540" ind1=" " ind2=" ">
            <subfield code="a">Derechos regulados por licencia Creative Commons</subfield>
        </datafield>
        <datafield tag="700" ind1=" " ind2=" ">
            <subfield code="a">Saz Muñoz, Pedro</subfield>
            <subfield code="e">dir.</subfield>
        </datafield>
        <datafield tag="700" ind1=" " ind2=" ">
            <subfield code="a">Santabárbara Serrano, Javier</subfield>
            <subfield code="e">dir.</subfield>
        </datafield>
        <datafield tag="710" ind1="2" ind2=" ">
            <subfield code="a">Universidad de Zaragoza</subfield>
            <subfield code="b">Medicina, Psiquiatría y Dermatología</subfield>
            <subfield code="c">Psiquiatría</subfield>
        </datafield>
        <datafield tag="856" ind1="0" ind2=" ">
            <subfield code="f">146033@celes.unizar.es</subfield>
        </datafield>
        <datafield tag="856" ind1="4" ind2=" ">
            <subfield code="s">1732021</subfield>
            <subfield code="u">http://zaguan.unizar.es/record/47106/files/TAZ-TFM-2015-573.pdf</subfield>
            <subfield code="y">Memoria (spa)</subfield>
        </datafield>
        <datafield tag="909" ind1="C" ind2="O">
            <subfield code="o">oai:zaguan.unizar.es:47106</subfield>
            <subfield code="p">driver</subfield>
            <subfield code="p">trabajos-fin-master</subfield>
        </datafield>
        <datafield tag="950" ind1=" " ind2=" ">
            <subfield code="a"></subfield>
        </datafield>
        <datafield tag="951" ind1=" " ind2=" ">
            <subfield code="a">deposita:2016-02-10</subfield>
        </datafield>
        <datafield tag="980" ind1=" " ind2=" ">
            <subfield code="a">TAZ</subfield>
            <subfield code="b">TFM</subfield>
            <subfield code="c">MED</subfield>
        </datafield>
    </record>

    
</collection>